Efektívnosť obchodného podniku. Teoretické vymedzenie pojmu a obsahu
Merateľnosť výstupu ako výsledku činnosti obchodného podniku. Ekonomické a sociálne prvky efektívnosti. Rentabilita ako ekonomická kategória. Rentabilita ako nástroj ekonomického riadenia. Druhy rentability vo vnútornom obchode.
Salvato in:
| Autore principale: | |
|---|---|
| Natura: | Capitolo di libro |
| Lingua: | slovacco |
| Soggetti: | |
| Tags: |
Nessun Tag, puoi essere il primo ad aggiungerne!!
|
MARC
| LEADER | 00000naa$a2200000$$$4500 | ||
|---|---|---|---|
| 001 | 0032357 | ||
| 005 | 20240502071440.2 | ||
| 041 | 0 | |a slo | |
| 044 | |a SK | ||
| 245 | 1 | 0 | |a Efektívnosť obchodného podniku. Teoretické vymedzenie pojmu a obsahu |c Helena Strážovská |
| 520 | |a Merateľnosť výstupu ako výsledku činnosti obchodného podniku. Ekonomické a sociálne prvky efektívnosti. Rentabilita ako ekonomická kategória. Rentabilita ako nástroj ekonomického riadenia. Druhy rentability vo vnútornom obchode. | ||
| 610 | 2 | 0 | |a efektívnosť ekonomická |
| 610 | 2 | 0 | |a rentabilita |
| 610 | 2 | 0 | |a podnik obchodný |
| 610 | 2 | 0 | |a obchod vnútorný |
| 610 | 2 | 0 | |a zisk |
| 610 | 2 | 0 | |a tržby |
| 100 | 1 | |a Strážovská, Helena | |